Vývoj cenovej parity vo vertikále výroby a spotreby potravín v rokoch 2002-2010

Analýza vývoja cien a ich vzájomných vzťahov na jednotlivých stupňoch výroby a spotreby potravín na slovenskom trhu v rokoch 2002-2010. Najväčšie zvýšenie cien sa v sledovanom období prejavilo pri vstupoch do poľnohospodárstva, pritom ceny poľnohospodárskych výrobkov rástli pomalšie.

Guardado en:
Detalles Bibliográficos
Autor principal: Brodová, Martina
Otros Autores: Trubačová, Anna
Formato: Capítulo de libro
Lenguaje:eslovaco
Materias:
Etiquetas: Agregar Etiqueta
Sin Etiquetas, Sea el primero en etiquetar este registro!

MARC

LEADER 00000naa a2200000 4500
001 0142132
005 20231018092527.2
041 0 |a slo 
044 |a SK 
245 1 0 |a Vývoj cenovej parity vo vertikále výroby a spotreby potravín v rokoch 2002-2010  |c Martina Brodová, Anna Trubačová 
520 |a Analýza vývoja cien a ich vzájomných vzťahov na jednotlivých stupňoch výroby a spotreby potravín na slovenskom trhu v rokoch 2002-2010. Najväčšie zvýšenie cien sa v sledovanom období prejavilo pri vstupoch do poľnohospodárstva, pritom ceny poľnohospodárskych výrobkov rástli pomalšie. 
610 2 0 |a potraviny 
610 2 0 |a výroba 
610 2 0 |a spotreba potravín 
610 2 0 |a výroba živočíšna 
610 2 0 |a vývoj cenový 
610 2 0 |a nožnice cenové 
610 2 0 |a Slovensko 
100 1 |a Brodová, Martina 
700 1 |a Trubačová, Anna